| Tag |
First Indicator |
Second Indicator |
Subfields |
| LEADER |
00000pam a2200000 i 4500 |
| 001 |
in00000056458 |
| 005 |
20151007081954.0 |
| 008 |
790326s1979 njua b 10110 eng |
| 010 |
|
|
|a 79002082
|
| 020 |
|
|
|a 0895000199
|
| 035 |
|
|
|a (OCoLC)04858006
|
| 035 |
|
|
|9 AAF7180AM
|
| 040 |
|
|
|a DLC
|c DLC
|d TXA
|d UtOrBLW
|
| 049 |
|
|
|a TXAM
|c [1159867]
|
| 050 |
0 |
0 |
|a TA357
|b .S94 1977
|
| 082 |
0 |
|
|a 620.1/064
|
| 111 |
2 |
|
|a Symposium on Turbulence
|n (5th :
|d 1977 :
|c University of Missouri--Rolla)
|
| 245 |
1 |
0 |
|a Symposium on Turbulence :
|b proceedings of the Fifth Biennial Symposium on Turbulence, October 1977, Department of Chemical Engineering, University of Missouri-Rolla /
|c edited by G. K. Patterson and J. L. Zakin ; sponsored by Air Force Office of Scientific Research [and others].
|
| 264 |
|
1 |
|a Princeton, [N.J.] :
|b Science Press,
|c [1979]
|
| 264 |
|
4 |
|c ©1979
|
| 300 |
|
|
|a ix, 444 pages :
|b illustrations ;
|c 31 cm.
|
| 336 |
|
|
|a text
|b txt
|2 rdacontent
|
| 337 |
|
|
|a unmediated
|b n
|2 rdamedia
|
| 338 |
|
|
|a volume
|b nc
|2 rdacarrier
|
| 504 |
|
|
|a Includes bibliographies and index.
|
| 650 |
|
0 |
|a Turbulence
|v Congresses.
|
| 700 |
1 |
|
|a Zakin, J. L.
|
| 700 |
1 |
|
|a Patterson, G. K.
|q (Gary Kent),
|d 1939-
|
| 710 |
2 |
|
|a University of Missouri--Rolla.
|b Department of Chemical Engineering.
|
| 710 |
1 |
|
|a United States.
|b Air Force.
|b Office of Scientific Research.
|
| 999 |
|
|
|a MARS
|
| 999 |
f |
f |
|s 5d5591c7-8eca-38e3-a9a7-c0e625bc37e5
|i 1d161e7f-c9fc-3ffa-8f3d-2528428293ef
|t 0
|
| 952 |
f |
f |
|p ric
|a Texas A&M University
|b Rellis Campus
|c Joint Library Facility
|d Remote Storage
|t 0
|e TA357 .S94 1977
|h Library of Congress classification
|i unmediated -- volume
|m A14805305884
|
| 998 |
f |
f |
|a TA357 .S94 1977
|t 0
|l Remote Storage
|